New towns - just history, or an idea for today? (Record no. 71157)

MARC details
000 -LEADER
fixed length control field 00954cam a2200241 4500
001 - CONTROL NUMBER
control field ABS65987
008 - FIXED-LENGTH DATA ELEMENTS--GENERAL INFORMATION
fixed length control field 020917n2002 000 0 eng u
035 ## - SYSTEM CONTROL NUMBER
System control number (Sirsi) u119723
100 ## - MAIN ENTRY--PERSONAL NAME
Personal name Schoon, N
245 ## - TITLE STATEMENT
Title New towns - just history, or an idea for today?
260 ## - PUBLICATION, DISTRIBUTION, ETC.
Date of publication, distribution, etc. 2002
490 ## - SERIES STATEMENT
Series statement Town & Country Planning
Volume/sequential designation 71(7/8) July/August 2002, 189-191(3)
520 ## - SUMMARY, ETC.
Summary, etc. Debates whether new towns can accommodate homes which cannot be absorbed by current plans, or should planners concentrate on structured urban extensions. Article takes form of mock-letters between co-authors. Concludes that clusters of homes in variety of settlements is the way forward, as the concept of single places has become outmoded.
590 ## - LOCAL NOTE (RLIN)
Local note ABS
650 ## - SUBJECT ADDED ENTRY--TOPICAL TERM
Topical term or geographic name entry element TOWN AND COUNTRY PLANNING
650 ## - SUBJECT ADDED ENTRY--TOPICAL TERM
Topical term or geographic name entry element URBAN CLUSTERING
650 ## - SUBJECT ADDED ENTRY--TOPICAL TERM
Topical term or geographic name entry element CLUSTERING
650 ## - SUBJECT ADDED ENTRY--TOPICAL TERM
Topical term or geographic name entry element NEW TOWNS
650 ## - SUBJECT ADDED ENTRY--TOPICAL TERM
Topical term or geographic name entry element SETTLEMENTS
690 ## - LOCAL SUBJECT ADDED ENTRY--TOPICAL TERM (OCLC, RLIN)
Topical term or geographic name as entry element REGENERATION
700 ## - ADDED ENTRY--PERSONAL NAME
Personal name Hall, P
942 ## - ADDED ENTRY ELEMENTS (KOHA)
Suppress in OPAC 0
Holdings
Withdrawn status Lost status Source of classification or shelving scheme Damaged status Not for loan Home library Current library Shelving location Date acquired Total Checkouts Full call number Barcode Date last seen Copy number Price effective from Koha item type
    Dewey Decimal Classification     London London Journal article 17/09/2002   ABS65987 119723-1001 06/08/2019 1 06/08/2019 Journal article